| 000 | 00500nam a2200121Ia 4500 | ||
|---|---|---|---|
| 008 | 170221s9999 xx 000 0 und d | ||
| 100 | _aFindley,Henry. | ||
| 245 | _aAge harassment: How hostile does it have to be? | ||
| 245 | _cHenry Findley, Troy University; Eva Dodd-Walker, Troy University; James Orendorff, Troy University; Judson Edwards, Troy University. | ||
| 260 | _bJournal of Management and Marketing Research | ||
| 650 | _xBusiness | ||
| 856 | _uhttp://www.aabri.com/manuscripts/142072.pdf | ||
| 999 |
_c307399 _d307399 |
||